000 00276nam a22001217a 4500
008 160512b xxu||||| |||| 00| 0 eng d
020 _a9781887725965
020 _a1887725962
041 _aeng
080 _a61
245 _aIssues earth science:
_cLAB AIDS;
942 _2udc
_cBK
999 _c2065
_d2065